000 00864nam a22002177a 4500
999 _c5603
_d5603
003 AR-CdUCM
008 190312b ||||| |||| 00| 0 spa d
020 _a9978 -43-331-7
040 _aMUNICIPALIDAD PROVINCIAL DEL CUSCO
_cBIBLIOTECA MUNICIPAL DEL CUSCO
082 _a986.262 /
_bO64
100 _aOrellana Arenas, Miguel
_916761
245 _aSantiago de Guayaquil :
_bUna ciudad abierta /
260 _aEcuador :
_bMariscal,
_c2003.
300 _a252 paginas ;
_c32 cm.
_eIlustraciones, fotos,
505 _aContenido : El cerro Santa Ana -- Barrio las Peñas -- La iglesia de santo Domingo y el túnel del cerro santa Ana -- El fortín, el malecón Simón Bolívar y la obra malecón 2000 ...
650 _aCiudad Santiago de Guaquil
_916762
650 _aHistoria de Guayaquil
_916763
650 _aEcuador
_910121
942 _2ddc
_cLIBROS
945 _arah